Normal view
MARC view
- Canadian Association of Real Estate Boards
Entry Corporate Name
001 - CONTROL NUMBER
- control field: 5317
003 - CONTROL NUMBER IDENTIFIER
- control field: SIRSI
005 - DATE AND TIME OF LATEST TRANSACTION
- control field: 20190806150242.0
008 - FIXED-LENGTH DATA ELEMENTS
- fixed length control field: 070815n| acannaabn |n ana d
040 ## - CATALOGING SOURCE
- Original cataloging agency: OSt
- Transcribing agency: OSt
110 2# - HEADING--CORPORATE NAME
- Corporate name or jurisdiction name as entry element: Canadian Association of Real Estate Boards
670 ## - SOURCE DATA FOUND
- Source citation: The Canadian Realtor, 1955-